| 000 | 00954nmm a2200289 a 4500 | ||
|---|---|---|---|
| 001 | ocm0001916657 | ||
| 003 | TR-IsHL | ||
| 005 | 20201028173623.0 | ||
| 008 | 180912s2017 tu tur | ||
| 007 | cr cn | ||
| 020 | _a9789752441170 | ||
| 035 |
_a1916657 _b(N$T) |
||
| 050 | 0 | 4 |
_aPL243.N45 _bN4 2017 |
| 090 | 0 | 4 |
_aPL243.N45 _bN4 2017 |
| 100 | 1 | _aNemutlu, Ethem Emin | |
| 245 | 1 | 0 |
_aBen de sevdim: Elif ile Vav _h[electronic resource] / _cEthem Emin Nemutlu ; editör M. Endülüs Özbay |
| 250 | _a1. Basım | ||
| 260 |
_aİstanbul : _bAZ Kitap, _c2017 |
||
| 300 | _a168 p. | ||
| 650 | 4 | _aDil ve Edebiyat | |
| 650 | 4 | _aLanguage and Literature | |
| 650 | 0 |
_aTürk edebiyatı _x Deneme |
|
| 650 | 0 |
_aTurkish literature _x Essays |
|
| 650 | 7 |
_aLITERARY COLLECTIONS / Middle Eastern _2bisacsh |
|
| 700 | 1 | _aÖzbay, M. Endülüs | |
| 856 | 4 | 0 | _uhttp://search.ebscohost.com/login.aspx?direct=true&scope=site&db=e011xww&AN=1916657 |
| 999 |
_c17791 _d17791 |
||